000 00388nam a2200157 i 4500
001 bg
100 1 _aBOGOMOLOV, A. M.
245 0 _aDiagnostika slożnych sistem /
_cA.M. Bogomolov, V.A. Tverdochlebov.
260 _aKiev,
_c1974.
700 1 _aTVERDOCHLEBOV, V. A.
040 _cBPK
041 _apol
080 _a519.71
942 _cKS
008 s pl f |000 0 pol
999 _c26161
_d26161
856 _uhttp://koha.tu.koszalin.pl/cgi-bin/koha/opac-detail.pl?biblionumber=26161
_yKatalog online BPK